El miedo en el Perú, siglos XVI al XX

Gespeichert in:
Bibliographische Detailangaben
1. Verfasser: Rosas Lauro, Claudia (VerfasserIn)
Format: Buch
Sprache:Spanisch
Veröffentlicht: Lima Pontificia Universidad Católica del Perú 2005
Ausgabe:1a. ed
Schlagworte:
Tags: Tag hinzufügen
Keine Tags, Fügen Sie den ersten Tag hinzu!

MARC

LEADER 00000nam a2200000 a 4500
001 UCH3405
003 CL-VaPUC
008 090723e20050300PE |||||||||||||||||spa|d
020 |a 9789972426902 
082 0 4 |a 309.93353  |b ROS  |2 21 
100 0 |a Rosas Lauro, Claudia  |e author  |9 538744 
245 1 3 |a El miedo en el Perú, siglos XVI al XX 
250 |a 1a. ed 
300 |a 285 p 
942 |c BK 
945 |d 20090723 00:00:00  |a dcastane 
260 |a Lima  |b Pontificia Universidad Católica del Perú  |c 2005 
650 0 |a Miedo   |9 307306 
650 0 |a Psicología social   |9 222894 
650 7 |a PSICOLOGIA PATOLOGICA  |2 CL-VaPUC  |9 266262 
650 7 |a HISTORIA DE PERU SIGLOS 16-20  |2 CL-VaPUC  |9 448053 
651 0 |a Perú  |9 256567 
583 |a last modification  |c 20160901 10:39:48  |k Rodrigo Vera 
999 |c 334974  |d 334972 
952 |0 0  |1 0  |4 0  |6 309_933530000000000_ROS_2005  |7 0  |8 X  |9 424420  |a FDOBUD  |b FDOBUD  |d 2019-11-22  |i 4578368  |o 309.93353 ROS 2005  |p 4578368  |r 2019-11-22  |w 2019-11-22  |y BK_X  |k BUD